Apuntes para la historia de San Angel (San Jacinto Tenanitla) y sus alrededores (Record no. 3562)
[ view plain ]
| 000 -CABECERA | |
|---|---|
| campo de control de longitud fija | 00836nam a2200229 a 4500 |
| 001 - NÚMERO DE CONTROL | |
| campo de control | BRCA_3834 |
| 005 - FECHA Y HORA DE LA ÚLTIMA TRANSACCIÓN | |
| campo de control | 20190320204436.0 |
| 008 - DATOS DE LONGITUD FIJA--INFORMACIÓN GENERAL | |
| campo de control de longitud fija | 111209s1913----mx-a######---#000-0#spa-# |
| 041 ## - CÓDIGO DE LENGUA | |
| Código de lengua del texto/banda sonora o título independiente | spa |
| 044 ## - CÓDIGO DEL PAÍS DE LA ENTIDAD EDITORA/PRODUCTORA | |
| Código MARC del país | mx |
| 050 #4 - SIGNATURA TOPOGRÁFICA DE LA BIBLIOTECA DEL CONGRESO | |
| Número de clasificación | F1386.6 |
| Número de documento/Ítem | .F47 1913 |
| 100 1# - ENTRADA PRINCIPAL--NOMBRE DE PERSONA | |
| Nombre de persona | Fernández del Castillo, Francisco |
| 9 (RLIN) | 8248 |
| 245 10 - MENCIÓN DE TÍTULO | |
| Título | Apuntes para la historia de San Angel (San Jacinto Tenanitla) y sus alrededores |
| Resto del título | tradiciones, historia, leyendas... |
| Mención de responsabilidad, etc. | por Francisco Fernández del Castillo. |
| 260 ## - PUBLICACIÓN, DISTRIBUCIÓN, ETC. | |
| Lugar de publicación, distribución, etc. | México |
| Nombre del editor, distribuidor, etc. | Museo Nacional de Arqueología, Historia y Etnología |
| Fecha de publicación, distribución, etc. | 1913 |
| 300 ## - DESCRIPCIÓN FÍSICA | |
| Extensión | iv, 253 p. |
| Otras características físicas | il. , 32 láminas |
| Dimensiones | 20 cm. |
| 500 ## - NOTA GENERAL | |
| Nota general | B178 |
| 651 #4 - PUNTO DE ACCESO ADICIONAL DE MATERIA--NOMBRE GEOGRÁFICO | |
| Nombre geográfico | Leyendas |
| Subdivisión general | San Angel |
| Subdivisión cronológica | (México, D.F.) |
| 9 (RLIN) | 9984 |
| 651 #4 - PUNTO DE ACCESO ADICIONAL DE MATERIA--NOMBRE GEOGRÁFICO | |
| Nombre geográfico | México (Ciudad) |
| Subdivisión de forma | Historia |
| 9 (RLIN) | 9985 |
| 651 #4 - PUNTO DE ACCESO ADICIONAL DE MATERIA--NOMBRE GEOGRÁFICO | |
| Nombre geográfico | México (Ciudad) |
| Subdivisión de forma | Vida social y costumbres |
| 9 (RLIN) | 9986 |
| 902 ## - CATALOGADOR | |
| Iniciales | GFM |
| 942 ## - ELEMENTOS DE PUNTO DE ACCESO ADICIONAL (KOHA) | |
| Fuente del sistema de clasificación o colocación | Library of Congress Classification |
| Tipo de ítem Koha | Libros |
| Estado de retiro | Estado de pérdida | Estado dañado | No para préstamo | Localización permanente | Ubicación/localización actual | Fecha de adquisición | Número de inventario | Total de préstamos | Signatura topográfica completa | Código de barras | Fecha visto por última vez | Precio válido a partir de | Tipo de ítem Koha |
|---|---|---|---|---|---|---|---|---|---|---|---|---|---|
| El ejemplar forma parte de la colección y puede ser consultado según las políticas vigentes. | Biblioteca del Museo Franz Mayer (Rogerio Casas-Alatriste) | Biblioteca del Museo Franz Mayer (Rogerio Casas-Alatriste) | 11/12/2009 | B178 | F1386.6 .F47 1913 (B178) | 3831 | 22/03/2019 | 22/03/2019 | Libros |